| 000 | 00632pam a2200205 a 4500 | ||
|---|---|---|---|
| 020 | _a0201162903 | ||
| 082 | 0 | 0 |
_a515.15 _bTHO _cL-25 , P-30 |
| 100 | 1 |
_aThomas, George B., _955 |
|
| 245 | 1 | 0 |
_aCalculus and analytic geometry / _cGeorge B. Thomas, Jr., Ross L. Finney. |
| 250 | _a6th ed. | ||
| 260 |
_aReading, Mass. : _bAddison-Wesley Pub. Co., _cc1984. |
||
| 300 |
_axxiii, 1041, [100] p. : _bill. ; _c26 cm. |
||
| 500 | _aIncludes index. | ||
| 526 |
_a0 _b0 _c0 _d515_150000000000000_THO |
||
| 650 | 0 | _aCalculus. | |
| 650 | 0 |
_aGeometry, Analytic. _957 |
|
| 650 | 0 |
_aMCE _9379 |
|
| 700 | 1 |
_aFinney, Ross L. _958 |
|
| 942 |
_2ddc _cBK |
||
| 999 |
_c543945 _d543945 |
||